Top XIs: Real Sociedad (1978-2023) - Statistics

General Stats
  • This quiz has been taken 91 times
    84 since last reset
  • The average score is 157 of 450
Answer Stats
Hint Position Answer % Correct
2015/2016 ST Mikel Oyarzabal
83%
2016/2017 ST Mikel Oyarzabal
83%
2017/2018 ST Mikel Oyarzabal
83%
2018/2019 ST Mikel Oyarzabal
83%
2019/2020 ST Mikel Oyarzabal
83%
2020/2021 ST Mikel Oyarzabal
83%
2021/2022 ST Mikel Oyarzabal
83%
2022/2023 ST Mikel Oyarzabal
83%
2021/2022 MF Martín Zubimendi
81%
2022/2023 MF Martín Zubimendi
81%
2018/2019 MF Mikel Merino
79%
2019/2020 MF Mikel Merino
79%
2020/2021 MF Mikel Merino
79%
2021/2022 MF Mikel Merino
79%
2022/2023 MF Mikel Merino
79%
2019/2020 DF Robin Le Normand
79%
2020/2021 DF Robin Le Normand
79%
2021/2022 DF Robin Le Normand
79%
2022/2023 DF Robin Le Normand
79%
2009/2010 ST Antoine Griezmann
77%
2010/2011 ST Antoine Griezmann
77%
2011/2012 ST Antoine Griezmann
77%
2012/2013 ST Antoine Griezmann
77%
2013/2014 ST Antoine Griezmann
77%
2011/2012 DF Iñigo Martínez
77%
2012/2013 DF Iñigo Martínez
77%
2013/2014 DF Iñigo Martínez
77%
2014/2015 DF Iñigo Martínez
77%
2015/2016 DF Iñigo Martínez
77%
2016/2017 DF Iñigo Martínez
77%
2019/2020 ST Alexander Isak
74%
2020/2021 ST Alexander Isak
74%
2021/2022 ST Alexander Isak
74%
2022/2023 ST Alexander Isak
74%
2012/2013 MF Asier Illarramendi
74%
2015/2016 MF Asier Illarramendi
74%
2016/2017 MF Asier Illarramendi
74%
2017/2018 MF Asier Illarramendi
74%
2018/2019 MF Asier Illarramendi
74%
2020/2021 MF David Silva
74%
2021/2022 MF David Silva
74%
2022/2023 MF David Silva
74%
1988/1989 MF Carlos Martínez
72%
2010/2011 DF Carlos Martínez
72%
2012/2013 DF Carlos Martínez
72%
2013/2014 DF Carlos Martínez
72%
2011/2012 ST Carlos Vela
70%
2012/2013 ST Carlos Vela
70%
2013/2014 ST Carlos Vela
70%
2014/2015 ST Carlos Vela
70%
2015/2016 ST Carlos Vela
70%
2016/2017 ST Carlos Vela
70%
2015/2016 DF Aritz Elustondo
68%
2018/2019 DF Aritz Elustondo
68%
2020/2021 DF Aritz Elustondo
68%
2021/2022 DF Aritz Elustondo
68%
2022/2023 DF Aritz Elustondo
68%
2016/2017 ST Willian José
66%
2017/2018 ST Willian José
66%
2018/2019 ST Willian José
66%
2009/2010 MF Gorka Elustondo
64%
2007/2008 MF José Luis Martí
64%
2022/2023 ST Alexander Sørloth
62%
2021/2022 ST Alexander Sørloth
62%
2016/2017 DF Álvaro Odriozola
60%
2017/2018 DF Álvaro Odriozola
60%
2004/2005 MF Mikel Alonso
60%
2005/2006 MF Mikel Alonso
60%
2005/2006 MF Xabi Prieto
60%
2006/2007 MF Xabi Prieto
60%
2007/2008 MF Xabi Prieto
60%
2008/2009 MF Xabi Prieto
60%
2009/2010 MF Xabi Prieto
60%
2010/2011 MF Xabi Prieto
60%
2011/2012 MF Xabi Prieto
60%
2012/2013 MF Xabi Prieto
60%
2013/2014 MF Xabi Prieto
60%
2014/2015 MF Xabi Prieto
60%
2015/2016 MF Xabi Prieto
60%
2016/2017 MF Xabi Prieto
60%
2017/2018 MF Xabi Prieto
60%
2018/2019 MF Igor Zubeldia
57%
2019/2020 MF Igor Zubeldia
57%
2020/2021 MF Igor Zubeldia
57%
2019/2020 DF Nacho Monreal
57%
2020/2021 DF Nacho Monreal
57%
2020/2021 DF Andoni Gorosabel
55%
2021/2022 DF Andoni Gorosabel
55%
2022/2023 DF Andoni Gorosabel
55%
2019/2020 MF Martin Ødegaard
55%
2014/2015 MF Sergio Canales
55%
2017/2018 MF Sergio Canales
55%
2010/2011 MF David Zurutuza
53%
2011/2012 MF David Zurutuza
53%
2013/2014 MF David Zurutuza
53%
2016/2017 MF David Zurutuza
53%
2011/2012 ST Imanol Agirretxe
53%
2012/2013 ST Imanol Agirretxe
53%
2014/2015 ST Imanol Agirretxe
53%
2019/2020 ST Portu
53%
2020/2021 ST Portu
53%
1996/1997 ST Darko Kovačević
51%
1997/1998 ST Darko Kovačević
51%
1998/1999 ST Darko Kovačević
51%
2001/2002 ST Darko Kovačević
51%
2002/2003 ST Darko Kovačević
51%
2003/2004 ST Darko Kovačević
51%
2004/2005 ST Darko Kovačević
51%
2006/2007 ST Darko Kovačević
51%
2017/2018 DF Diego Llorente
51%
2018/2019 DF Diego Llorente
51%
2019/2020 DF Diego Llorente
51%
1994/1995 MF Javi de Pedro
51%
1995/1996 MF Javi de Pedro
51%
1996/1997 MF Javi de Pedro
51%
1997/1998 MF Javi de Pedro
51%
1998/1999 MF Javi de Pedro
51%
1999/2000 MF Javi de Pedro
51%
2000/2001 MF Javi de Pedro
51%
2001/2002 MF Javi de Pedro
51%
2002/2003 MF Javi de Pedro
51%
1978/1979 ST Jesús M. Satrústegui
51%
1979/1980 ST Jesús M. Satrústegui
51%
1980/1981 ST Jesús M. Satrústegui
51%
1981/1982 ST Jesús M. Satrústegui
51%
2002/2003 ST Nihat Kahveci
49%
2003/2004 ST Nihat Kahveci
49%
2004/2005 ST Nihat Kahveci
49%
2005/2006 ST Nihat Kahveci
49%
2018/2019 DF Theo Hernández
49%
2017/2018 MF Adnan Januzaj
47%
2018/2019 MF Adnan Januzaj
47%
2021/2022 MF Adnan Januzaj
47%
2022/2023 MF Brais Méndez
47%
1982/1983 MF José María Bakero
47%
1983/1984 MF José María Bakero
47%
1984/1985 MF José María Bakero
47%
1985/1986 MF José María Bakero
47%
1986/1987 MF José María Bakero
47%
1987/1988 MF José María Bakero
47%
2019/2020 DF Joseba Zaldua
43%
1978/1979 ST Roberto López Ufarte
43%
1979/1980 ST Roberto López Ufarte
43%
1980/1981 ST Roberto López Ufarte
43%
1981/1982 ST Roberto López Ufarte
43%
1982/1983 ST Roberto López Ufarte
43%
1983/1984 ST Roberto López Ufarte
43%
1984/1985 ST Roberto López Ufarte
43%
1985/1986 ST Roberto López Ufarte
43%
1986/1987 ST Roberto López Ufarte
43%
2001/2002 MF Xabi Alonso
43%
2002/2003 MF Xabi Alonso
43%
2003/2004 MF Xabi Alonso
43%
2014/2015 DF Yuri Berchiche
43%
2015/2016 DF Yuri Berchiche
43%
2016/2017 DF Yuri Berchiche
43%
2007/2008 DF Mikel González
40%
2008/2009 DF Mikel González
40%
2009/2010 DF Mikel González
40%
2010/2011 DF Mikel González
40%
2011/2012 DF Mikel González
40%
2012/2013 DF Mikel González
40%
2013/2014 DF Mikel González
40%
1994/1995 MF Valeri Karpin
40%
1995/1996 MF Valeri Karpin
40%
2002/2003 MF Valeri Karpin
40%
2003/2004 MF Valeri Karpin
40%
2004/2005 MF Valeri Karpin
40%
2014/2015 MF Esteban Granero
38%
1994/1995 DF Agustín Aranzabal
36%
1995/1996 DF Agustín Aranzabal
36%
1996/1997 DF Agustín Aranzabal
36%
1998/1999 DF Agustín Aranzabal
36%
1999/2000 DF Agustín Aranzabal
36%
2000/2001 DF Agustín Aranzabal
36%
2001/2002 DF Agustín Aranzabal
36%
2002/2003 DF Agustín Aranzabal
36%
2009/2010 DF Alberto de la Bella
36%
2010/2011 DF Alberto de la Bella
36%
2011/2012 DF Alberto de la Bella
36%
2012/2013 DF Alberto de la Bella
36%
2013/2014 DF Alberto de la Bella
36%
2014/2015 DF Alberto de la Bella
36%
2017/2018 DF Alberto de la Bella
36%
2018/2019 DF Héctor Moreno
36%
1997/1998 DF Juan Gómez
36%
1998/1999 DF Juan Gómez
36%
1999/2000 DF Juan Gómez
36%
2002/2003 MF Mikel Aranburu
36%
2004/2005 MF Mikel Aranburu
36%
2006/2007 MF Mikel Aranburu
36%
2007/2008 MF Mikel Aranburu
36%
2008/2009 MF Mikel Aranburu
36%
2009/2010 MF Mikel Aranburu
36%
2010/2011 MF Mikel Aranburu
36%
2011/2012 MF Mikel Aranburu
36%
2004/2005 DF Mikel Labaka
36%
2005/2006 DF Mikel Labaka
36%
2008/2009 DF Mikel Labaka
36%
2009/2010 DF Mikel Labaka
36%
1997/1998 DF Aitor López Rekarte
32%
1998/1999 DF Aitor López Rekarte
32%
1999/2000 DF Aitor López Rekarte
32%
2000/2001 DF Aitor López Rekarte
32%
2001/2002 DF Aitor López Rekarte
32%
2002/2003 DF Aitor López Rekarte
32%
2003/2004 DF Aitor López Rekarte
32%
2004/2005 DF Aitor López Rekarte
32%
2005/2006 DF Aitor López Rekarte
32%
2006/2007 DF Aitor López Rekarte
32%
1980/1981 DF Alberto Górriz
32%
1981/1982 DF Alberto Górriz
32%
1982/1983 DF Alberto Górriz
32%
1983/1984 DF Alberto Górriz
32%
1984/1985 DF Alberto Górriz
32%
1985/1986 DF Alberto Górriz
32%
1986/1987 DF Alberto Górriz
32%
1987/1988 DF Alberto Górriz
32%
1988/1989 DF Alberto Górriz
32%
1989/1990 DF Alberto Górriz
32%
1990/1991 DF Alberto Górriz
32%
1991/1992 DF Alberto Górriz
32%
1992/1993 DF Alberto Górriz
32%
1988/1989 MF Andoni Goikoetxea
32%
1989/1990 MF Andoni Goikoetxea
32%
1978/1979 MF Jesús María Zamora
32%
1979/1980 MF Jesús María Zamora
32%
1980/1981 MF Jesús María Zamora
32%
1981/1982 MF Jesús María Zamora
32%
1983/1984 MF Jesús María Zamora
32%
1984/1985 MF Jesús María Zamora
32%
1985/1986 MF Jesús María Zamora
32%
1986/1987 MF Jesús María Zamora
32%
1987/1988 MF Jesús María Zamora
32%
1988/1989 MF Jesús María Zamora
32%
1985/1986 DF Luis López Rekarte
32%
1986/1987 DF Luis López Rekarte
32%
1987/1988 DF Luis López Rekarte
32%
1994/1995 ST Luis Pérez
32%
1984/1985 ST Txiki Begiristain
32%
1985/1986 ST Txiki Begiristain
32%
1987/1988 ST Txiki Begiristain
32%
2012/2013 MF Markel Bergara
30%
2013/2014 MF Markel Bergara
30%
2014/2015 DF Markel Bergara
30%
2014/2015 MF Rubén Pardo
30%
2015/2016 MF Rubén Pardo
30%
1991/1992 MF Bittor Alkiza
28%
1992/1993 MF Bittor Alkiza
28%
1993/1994 MF Bittor Alkiza
28%
2003/2004 MF Bittor Alkiza
28%
1991/1992 ST Meho Kodro
28%
1992/1993 ST Meho Kodro
28%
1993/1994 ST Meho Kodro
28%
1994/1995 ST Meho Kodro
28%
1978/1979 DF Inaxio Kortabarria
26%
1979/1980 DF Inaxio Kortabarria
26%
1980/1981 DF Inaxio Kortabarria
26%
1981/1982 DF Inaxio Kortabarria
26%
1982/1983 DF Inaxio Kortabarria
26%
1989/1990 DF Mikel Lasa
26%
1990/1991 DF Mikel Lasa
26%
1995/1996 ST Óscar de Paula
26%
1998/1999 ST Óscar de Paula
26%
2000/2001 ST Óscar de Paula
26%
2013/2014 ST Haris Seferović
23%
1989/1990 ST John Aldridge
23%
1990/1991 ST John Aldridge
23%
1978/1979 MF José Diego
23%
1979/1980 MF José Diego
23%
1980/1981 MF José Diego
23%
1981/1982 MF José Diego
23%
1982/1983 MF José Diego
23%
1981/1982 ST Pedro Uralde
23%
1982/1983 ST Pedro Uralde
23%
1983/1984 ST Pedro Uralde
23%
1985/1986 ST Pedro Uralde
23%
2006/2007 DF Ion Ansotegi
21%
2007/2008 DF Ion Ansotegi
21%
2008/2009 DF Ion Ansotegi
21%
2009/2010 DF Ion Ansotegi
21%
2010/2011 DF Ion Ansotegi
21%
1982/1983 MF Juan A. Larrañaga
21%
1983/1984 MF Juan A. Larrañaga
21%
1984/1985 MF Juan A. Larrañaga
21%
1985/1986 MF Juan A. Larrañaga
21%
1986/1987 MF Juan A. Larrañaga
21%
1987/1988 MF Juan A. Larrañaga
21%
1988/1989 MF Juan A. Larrañaga
21%
1989/1990 MF Juan A. Larrañaga
21%
1990/1991 MF Juan A. Larrañaga
21%
1991/1992 DF Juan A. Larrañaga
21%
1992/1993 DF Juan A. Larrañaga
21%
1991/1992 MF Oceano
21%
1992/1993 MF Oceano
21%
1993/1994 MF Oceano
21%
2016/2017 DF Raúl Navas
21%
2017/2018 DF Raúl Navas
21%
1978/1979 ST Santiago Idígoras
21%
1979/1980 ST Santiago Idígoras
21%
1980/1981 ST Santiago Idígoras
21%
2011/2012 DF Vadim Demidov
21%
1978/1979 DF Agustin Gajate
19%
1979/1980 DF Agustin Gajate
19%
1983/1984 DF Agustin Gajate
19%
1984/1985 DF Agustin Gajate
19%
1985/1986 DF Agustin Gajate
19%
1986/1987 DF Agustin Gajate
19%
1987/1988 DF Agustin Gajate
19%
1988/1989 DF Agustin Gajate
19%
1989/1990 DF Agustin Gajate
19%
1990/1991 DF Agustin Gajate
19%
2009/2010 ST Carlos Bueno
19%
2002/2003 DF Gabriel Schürrer
19%
2003/2004 DF Gabriel Schürrer
19%
2007/2008 ST Iñigo Díaz de Cerio
19%
1986/1987 MF Loren
19%
1987/1988 DF Loren
19%
1988/1989 DF Loren
19%
1993/1994 DF Loren
19%
1994/1995 DF Loren
19%
1995/1996 DF Loren
19%
1996/1997 DF Loren
19%
1997/1998 DF Loren
19%
1998/1999 DF Loren
19%
1999/2000 DF Loren
19%
1978/1979 MF Periko Alonso
19%
1979/1980 MF Periko Alonso
19%
1980/1981 MF Periko Alonso
19%
1981/1982 MF Periko Alonso
19%
2010/2011 ST Raúl Tamudo
19%
2015/2016 ST Bruma
17%
1989/1990 MF Miguel Fuentes
17%
1990/1991 MF Miguel Fuentes
17%
1991/1992 DF Miguel Fuentes
17%
1992/1993 DF Miguel Fuentes
17%
1993/1994 DF Miguel Fuentes
17%
1994/1995 DF Miguel Fuentes
17%
1995/1996 DF Miguel Fuentes
17%
1996/1997 DF Miguel Fuentes
17%
1997/1998 DF Miguel Fuentes
17%
2000/2001 DF Miguel Fuentes
17%
2001/2002 DF Bjørn Tore Kvarme
15%
2003/2004 DF Bjørn Tore Kvarme
15%
1991/1992 MF Carlos Xavier
15%
1992/1993 MF Carlos Xavier
15%
1993/1994 MF Carlos Xavier
15%
2015/2016 DF Diego Reyes
15%
1978/1979 DF Genaro Celayeta
15%
1979/1980 DF Genaro Celayeta
15%
1980/1981 DF Genaro Celayeta
15%
1981/1982 DF Genaro Celayeta
15%
1982/1983 DF Genaro Celayeta
15%
1983/1984 DF Genaro Celayeta
15%
1984/1985 DF Genaro Celayeta
15%
2000/2001 MF Iñigo Idiakez
15%
2001/2002 MF Iñigo Idiakez
15%
1991/1992 MF Andoni Imaz
13%
1993/1994 MF Andoni Imaz
13%
1994/1995 MF Andoni Imaz
13%
2009/2010 MF Diego Rivas
13%
2010/2011 MF Diego Rivas
13%
2003/2004 MF Igor Gabilondo
13%
2004/2005 MF Igor Gabilondo
13%
2002/2003 DF Igor Jauregi
13%
2005/2006 DF Igor Jauregi
13%
2000/2001 MF Tayfun Korkut
13%
2001/2002 MF Tayfun Korkut
13%
1989/1990 MF David Villabona
11%
1999/2000 MF Dmitri Khokhlov
11%
2000/2001 MF Dmitri Khokhlov
11%
2001/2002 MF Dmitri Khokhlov
11%
2006/2007 DF Gerardo
11%
2007/2008 DF Gerardo
11%
2008/2009 DF Gerardo
11%
1995/1996 ST Gică Craioveanu
11%
1996/1997 ST Gică Craioveanu
11%
1997/1998 ST Gică Craioveanu
11%
1988/1989 DF Javier Bengoetxea
11%
1989/1990 DF Javier Bengoetxea
11%
1990/1991 DF Javier Bengoetxea
11%
1991/1992 DF Jokin Uria
11%
1992/1993 DF Jokin Uria
11%
1992/1993 DF Jon Andoni Pikabea
11%
1993/1994 DF Jon Andoni Pikabea
11%
1994/1995 DF Jon Andoni Pikabea
11%
1995/1996 DF Jon Andoni Pikabea
11%
1996/1997 DF Jon Andoni Pikabea
11%
1997/1998 DF Jon Andoni Pikabea
11%
1998/1999 DF Jon Andoni Pikabea
11%
1999/2000 DF Jon Andoni Pikabea
11%
2000/2001 DF Jon Andoni Pikabea
11%
2001/2002 DF Luiz Alberto
11%
2004/2005 DF Luiz Alberto
11%
1995/1996 MF Marcus Pürk
11%
2005/2006 MF Mark González
11%
1999/2000 ST Edgaras Jankauskas
9%
2000/2001 ST Edgaras Jankauskas
9%
2006/2007 MF Gaizka Garitano
9%
2007/2008 MF Gaizka Garitano
9%
2004/2005 DF Javier Garrido
9%
2005/2006 DF Javier Garrido
9%
2006/2007 DF Javier Garrido
9%
1978/1979 DF Julio Olaizola
9%
1979/1980 DF Julio Olaizola
9%
1980/1981 DF Julio Olaizola
9%
1981/1982 DF Julio Olaizola
9%
1982/1983 DF Julio Olaizola
9%
2008/2009 MF Moha
9%
2008/2009 ST Necati Ateş
9%
1983/1984 MF Sagarzazu
9%
1984/1985 MF Sagarzazu
9%
1985/1986 DF Sagarzazu
9%
1986/1987 DF Sagarzazu
9%
1987/1988 ST Santiago Baquero
9%
1988/1989 ST Santiago Baquero
9%
2006/2007 MF Sávio
9%
2008/2009 ST Sebastián Abreu
9%
2007/2008 DF Xabi Castillo
9%
2008/2009 DF Xabi Castillo
9%
1993/1994 DF Alberto Albistegi
6%
1994/1995 DF Alberto Albistegi
6%
1996/1997 DF Alberto Albistegi
6%
1990/1991 ST Dalian Atkinson
6%
2007/2008 ST Andrija Delibašić
6%
1990/1991 MF Kevin Richardson
6%
1996/1997 MF Mutiu Adepoju
6%
1982/1983 MF Orbegozo
6%
1983/1984 DF Orbegozo
6%
1984/1985 DF Orbegozo
6%
1998/1999 ST Ricardo Sá Pinto
6%
1999/2000 ST Ricardo Sá Pinto
6%
1990/1991 MF Txema Lumbreras
6%
1991/1992 MF Txema Lumbreras
6%
1992/1993 MF Txema Lumbreras
6%
1993/1994 MF Txema Lumbreras
6%
1999/2000 ST Víctor Bonilla
6%
2005/2006 MF Álvaro Novo
4%
1995/1996 MF Javi Gracia
4%
1997/1998 MF Javi Gracia
4%
1989/1990 ST Juan A. Menchaca
4%
2003/2004 DF Lionel Potillon
4%
2005/2006 ST Morten Skoubo
4%
1986/1987 MF Mújica
4%
1998/1999 MF Dietmar Kühbauer
2%
1996/1997 MF Håkan Mild
2%
1997/1998 MF Håkan Mild
2%
2006/2007 MF Juanito
2%
1987/1988 MF Zúñiga
2%
1988/1989 MF Zúñiga
2%
No matching quizzes found
Score Distribution
Percent of People with Each Score
Percentile by Number Answered
Your Score History
You have not taken this quiz since the last reset